Star Wars Trivia - Tile Quiz - Statistics

General Stats
  • This quiz has been taken 3,175 times
    3,164 since last reset
  • The average score is 37 of 45
Answer Stats
Question Tile Select % Correct
Jedi Knights or Masters Obi-wan Kenobi Yes
98%
Jedi Knights or Masters Asajj Ventress No
97%
species in the Star Wars Universe Wookiee Yes
97%
Jedi Knights or Masters Yoda Yes
97%
species in the Star Wars Universe Ewok Yes
96%
Jedi Knights or Masters Qui-gon Jinn Yes
96%
characters that ever held a lightsaber Darth Vader Yes
95%
Jedi Knights or Masters Din Djarin No
95%
characters that ever held a lightsaber Luke Skywalker Yes
95%
films released after 2000 Rogue One Yes
95%
species in the Star Wars Universe Ent No
94%
films released after 2000 The Empire Strikes Back No
94%
films released after 2000 The Rise of Skywalker Yes
94%
films released after 2000 A New Hope No
93%
Jedi Knights or Masters Luke Skywalker Yes
93%
films released after 2000 The Force Awakens Yes
93%
Jedi Knights or Masters Anakin Skywalker Yes
92%
characters that ever held a lightsaber C3PO No
92%
films released after 2000 Return of the Jedi No
90%
characters that ever held a lightsaber Emperor Palpatine Yes
89%
species in the Star Wars Universe Hutt Yes
89%
species in the Star Wars Universe Gungan Yes
88%
films released after 2000 Revenge of the Sith Yes
88%
characters that ever held a lightsaber Boba Fett No
87%
species in the Star Wars Universe Na'vi No
86%
films released after 2000 Attack of the Clones Yes
85%
species in the Star Wars Universe Borg No
85%
characters that ever held a lightsaber Finn Yes
85%
characters that ever held a lightsaber Poe Dameron No
85%
Imperial Officers Bail Organa No
84%
species in the Star Wars Universe Kree No
84%
Imperial Officers Wilhuff Tarkin Yes
84%
species in the Star Wars Universe Tauntaun Yes
81%
Imperial Officers Wedge Antilles No
80%
films released after 2000 The Phantom Menace No
74%
Jedi Knights or Masters Kit Fisto Yes
73%
Imperial Officers Mon Mothma No
73%
Imperial Officers Jan Dodonna No
71%
Imperial Officers Maximilian Veers Yes
70%
Imperial Officers Firmus Piett Yes
63%
Imperial Officers Kendal Ozzel Yes
50%
Jedi Knights or Masters Ahsoka Tano No
49%
characters that ever held a lightsaber R2D2 Yes
46%
characters that ever held a lightsaber Han Solo Yes
40%
Imperial Officers Tiaan Jerjerrod Yes
36%
No matching quizzes found
Score Distribution
Percent of People with Each Score
Percentile by Number Answered
Your Score History
You have not taken this quiz since the last reset